Panenka Růženka : vystřihovánka k výstavě Jako růže. Móda za zrcadlem doby /

Hlavní autor: Dufková, Libuše
Další autoři: Bojdová, Lucie
Jazyk: Čeština
Vydáno: Brno : Moravské zemské muzeum, 2020
Témata:
Fyzický popis: 10 nečíslovaných listů : barevné ilustrace ; 27 cm
Grafika
Uloženo v:
LEADER 01510nkm a2200409 i 4500
001 001727470
003 CZ BrMZK
005 20200226095514.0
007 kf cc
008 200128s2020 xr nnn e kncze
020 |q (Volné listy v obalu) 
040 |a BOA001  |b cze  |e rda 
043 |a e-xr--- 
045 |a w-x- 
072 7 |a 391  |x Oděv, móda, ozdoby  |2 Konspekt  |9 1 
080 |a 391-055.2  |2 MRF 
080 |a (437.3)  |2 MRF 
080 |a (0.029)  |2 MRF 
100 1 |a Dufková, Libuše  |7 xx0102309  |4 ill 
245 1 0 |a Panenka Růženka :  |b vystřihovánka k výstavě Jako růže. Móda za zrcadlem doby /  |c Libuše Dufková, Lucie Bojdová 
246 3 0 |a Jako růže 
246 3 0 |a Móda za zrcadlem doby 
264 1 |a Brno :  |b Moravské zemské muzeum,  |c 2020 
300 |a 10 nečíslovaných listů :  |b barevné ilustrace ;  |c 27 cm 
336 |a statický obraz  |b sti  |2 rdacontent 
337 |a bez média  |b n  |2 rdamedia 
338 |a svazek  |b nc  |2 rdacarrier 
500 |a Vše uloženo v papírovém přebalu 
648 7 |a 19.-20. století  |7 ch757015 
650 0 7 |a dámská móda  |7 ph119673  |z Česko  |y 19.-20. století  |2 czenas 
655 7 |a vystřihovánky  |7 fd133827  |2 czenas 
700 1 |a Bojdová, Lucie  |4 ill 
910 |a BOA001  |b 3-1443.114 
990 |a GP 
991 |b 202002  |c NOV 
996 6 |b 2610813681  |c 3-1443.114  |l MZK  |r Sklad / do 1 hodiny  |n 0  |p p.v.  |w 001780329  |u 000010  |a 1  |e BOA001  |j MZK50  |s P 
996 7 |b 2610813682  |c 3-1443.114  |l MZK  |r Sklad / do 1 hodiny  |n 0  |p p.v.  |w 001780329  |u 000020  |a 1  |e BOA001  |j MZK50  |s A